[Event "CZE-ch U12 Girls"]
[Site "Kouty nad Desnou"]
[Date "2024.03.14"]
[Round "7"]
[White "Sevcikova, Terezie"]
[Black "Lackova, Lucie"]
[Result "0-1"]
[WhiteElo "1527"]
[BlackElo "1609"]
[PlyCount "72"]
[EventDate "2024.03.09"]
[EventType "swiss"]
[EventRounds "9"]
[EventCountry "CZE"]
[SourceTitle "CBM 219 Extra"]
[Source "ChessBase"]
[SourceDate "2024.05.31"]
[SourceVersion "1"]
[SourceVersionDate "2024.05.31"]
[SourceQuality "1"]

1. Nf3 Nf6 2. d4 e6 3. Bf4 b6 4. Nc3 Bb7 5. e3 d6 6. Bc4 Nbd7 7. 0-0 Qe7 8. Re1 g6 9. Qe2 a6 10. h3 Bg7 11. Rad1 0-0 12. e4 b5 13. Bd3 c5 14. Qe3 cxd4 15. Nxd4 e5 16. Bg3 exd4 17. Qxd4 Ne8 18. Qe3 Rc8 19. Be2 Ne5 20. Kh1 Nc4 21. Bxc4 Rxc4 22. f3 b4 23. Qe2 Qc7 24. Nd5 Bxd5 25. Rxd5 Rxc2 26. Qxa6 Rxb2 27. Bxd6 Nxd6 28. Qxd6 Qxd6 29. Rxd6 Rxa2 30. Rb6 Bc3 31. Rb1 Rd8 32. f4 Rdd2 33. Rg1 Bd4 34. Rb8+ Kg7 35. Re1 Rxg2 36. Rg8+ Kxg8 0-1

[Event "CZE-ch U12 Girls"]
[Site "Teplice"]
[Date "2023.03.13"]
[Round "3"]
[White "Lackova, Lucie"]
[Black "Archlebova, Eva"]
[Result "1-0"]
[WhiteElo "1284"]
[BlackElo "1039"]
[PlyCount "107"]
[EventDate "2023.03.11"]
[EventType "swiss"]
[EventRounds "9"]
[EventCountry "CZE"]
[SourceTitle "CBM 213 Extra"]
[Source "ChessBase"]
[SourceDate "2023.05.31"]
[SourceVersion "1"]
[SourceVersionDate "2023.05.31"]
[SourceQuality "1"]

1. e4 e5 2. Nf3 Nc6 3. d4 exd4 4. Nxd4 Nxd4 5. Qxd4 Nf6 6. Nc3 d6 7. Bg5 Be7 8. Bc4 h6 9. Bf4 Be6 10. Bb3 c5 11. Qd2 c4 12. Ba4+ Bd7 13. Bxd7+ Qxd7 14. 0-0 Ng4 15. Qd4 Ne5 16. Bxe5 dxe5 17. Qxe5 0-0 18. Rad1 Qe6 19. Qxe6 fxe6 20. Rd7 Bf6 21. Rxb7 Bxc3 22. bxc3 Rab8 23. Rfb1 Rxb7 24. Rxb7 Rd8 25. g3 a5 26. Rb6 Rd2 27. Rb2 Re2 28. Kf1 Rxe4 29. Rb5 Rg4 30. Rxa5 Rg6 31. Ra6 Rf6 32. Ke2 Kf7 33. a4 Rf5 34. Rc6 Re5+ 35. Kf1 Rh5 36. Rxc4 Rxh2 37. Rh4 Rxh4 38. gxh4 Ke7 39. Ke2 Kd6 40. Kd3 Kc6 41. Kd4 Kb6 42. c4 e5+ 43. Kxe5 Kc5 44. a5 Kc6 45. a6 Kb6 46. c5+ Kxa6 47. c6 Ka7 48. Kd6 Kb8 49. Kd7 g5 50. h5 g4 51. c7+ Ka8 52. c8Q+ Ka7 53. Kc7 g3 54. Qb7# 1-0

[Event "CZE-chT U12"]
[Site "Jihlava"]
[Date "2022.06.10"]
[Round "1.4"]
[White "Barteckova, Valerie"]
[Black "Lackova, Lucie"]
[Result "1-0"]
[WhiteElo "1403"]
[BlackElo "1092"]
[PlyCount "51"]
[EventDate "2022.06.10"]
[EventType "team-swiss"]
[EventRounds "9"]
[EventCountry "CZE"]
[SourceTitle "CBM 209 Extra"]
[Source "ChessBase"]
[SourceDate "2022.09.30"]
[SourceVersion "1"]
[SourceVersionDate "2022.09.30"]
[SourceQuality "1"]
[WhiteTeam "Frydek Mistek U12"]
[BlackTeam "Frydek Mistek U12 II"]
[WhiteTeamCountry "CZE"]
[BlackTeamCountry "CZE"]

1. d4 d5 2. Nf3 Nc6 3. Bf4 Nf6 4. e3 Bg4 5. c3 e6 6. Bd3 Bd6 7. Bxd6 cxd6 8. Nbd2 0-0 9. 0-0 e5 10. dxe5 dxe5 11. e4 Bxf3 12. Qxf3 Re8 13. Rad1 d4 14. Nb3 Qe7 15. cxd4 Nxd4 16. Nxd4 exd4 17. Rfe1 a6 18. e5 Nd7 19. Qe4 g6 20. Qxd4 Nxe5 21. f4 Nc6 22. Rxe7 Nxd4 23. Rxb7 Red8 24. Re1 Ne6 25. Bc4 Re8 26. g4 1-0

[Event "CZE-ch U10 Girls"]
[Site "Luhacovice"]
[Date "2022.03.17"]
[Round "7"]
[White "Kusova, Nikola"]
[Black "Lackova, Lucie"]
[Result "0-1"]
[WhiteElo "1227"]
[BlackElo "1207"]
[PlyCount "56"]
[EventDate "2022.03.12"]
[EventType "swiss"]
[EventRounds "9"]
[EventCountry "CZE"]
[SourceTitle "EXT 2023"]
[Source "ChessBase"]
[SourceDate "2022.10.05"]
[SourceVersion "1"]
[SourceVersionDate "2022.10.05"]
[SourceQuality "1"]

1. e4 e5 2. Nc3 Nf6 3. Bc4 Nc6 4. d3 Bb4 5. Nge2 d5 6. exd5 Nxd5 7. 0-0 Be6 8. Bxd5 Bxd5 9. f4 0-0 10. f5 f6 11. Be3 Re8 12. a3 Bxc3 13. Nxc3 Bf7 14. Qg4 Kh8 15. Rf3 g6 16. Rh3 g5 17. Rh6 Bg8 18. Qh5 Kg7 19. Ne4 Rf8 20. Nc5 Nd4 21. Bxd4 Qxd4+ 22. Kh1 Qxc5 23. c3 Rad8 24. Rd1 Qf2 25. Qh3 Rxd3 26. Qxd3 Kxh6 27. Qh3+ Kg7 28. g3 Qf3+ 0-1

[Event "CZE-ch U10 Girls"]
[Site "Luhacovice"]
[Date "2022.03.14"]
[Round "3"]
[White "Janouskova, Eliska"]
[Black "Lackova, Lucie"]
[Result "1-0"]
[WhiteElo "1167"]
[BlackElo "1207"]
[PlyCount "79"]
[EventDate "2022.03.12"]
[EventType "swiss"]
[EventRounds "9"]
[EventCountry "CZE"]
[SourceTitle "EXT 2023"]
[Source "ChessBase"]
[SourceDate "2022.10.05"]
[SourceVersion "1"]
[SourceVersionDate "2022.10.05"]
[SourceQuality "1"]

1. e4 e5 2. Nf3 Nc6 3. Nc3 Nf6 4. Bb5 Bb4 5. 0-0 d6 6. Nd5 Bc5 7. d4 Bb6 8. Nxf6+ Qxf6 9. d5 a6 10. Ba4 Qg6 11. dxc6 0-0 12. Qd3 bxc6 13. Bxc6 Rb8 14. Bd2 Bc5 15. b3 Rb6 16. Bd5 c6 17. Bc4 Bd4 18. c3 d5 19. exd5 Bf5 20. Qe2 cxd5 21. Bxd5 Bd3 22. Qe1 Bxf1 23. Qxf1 Qd6 24. Be4 f5 25. Bc2 Bxc3 26. Bxc3 Rc8 27. Bxe5 Qg6 28. Qd3 Rbc6 29. Bd1 Rc5 30. h3 Rf8 31. Qd6 Rc6 32. Qd5+ Kh8 33. Be2 Rcc8 34. Rd1 Qb6 35. Qd7 Rg8 36. Ng5 h6 37. Nf7+ Kh7 38. Bd3 Rcf8 39. Bxf5+ g6 40. Ng5# 1-0

[Event "EU Union-ch U10"]
[Site "Kouty nad Desnou"]
[Date "2021.08.22"]
[Round "9.1"]
[White "Lackova, Lucie"]
[Black "Negrean, Andrei"]
[Result "0-1"]
[WhiteElo "1090"]
[BlackElo "1834"]
[PlyCount "92"]
[EventDate "2021.08.14"]
[EventType "swiss"]
[EventRounds "9"]
[EventCountry "CZE"]
[SourceTitle "EXT 2022"]
[Source "ChessBase"]
[SourceDate "2021.10.06"]
[SourceVersion "1"]
[SourceVersionDate "2021.10.06"]
[SourceQuality "1"]

1. e4 c5 2. Nc3 Nc6 3. Bb5 Nd4 4. Nf3 a6 5. Be2 d6 6. 0-0 e5 7. d3 Nf6 8. Bg5 Be7 9. Bxf6 Bxf6 10. Nd5 Be6 11. c3 Nxf3+ 12. Bxf3 Bxd5 13. exd5 0-0 14. c4 b5 15. Re1 Rb8 16. Rb1 Qa5 17. a3 Rb6 18. Be4 bxc4 19. dxc4 Rfb8 20. Re2 g6 21. h3 Bg7 22. Qd3 f5 23. Bxf5 gxf5 24. Qxf5 Qa4 25. Qe6+ Kh8 26. Qg4 Qb3 27. Re3 Qc2 28. Rbe1 Rxb2 29. Rf3 Qg6 30. Qd7 R2b7 31. Qa4 Rb1 32. Rxb1 Rxb1+ 33. Kh2 e4 34. Rg3 Be5 35. Qd7 Bxg3+ 36. fxg3 Rb8 37. Qc6 Re8 38. Qa4 e3 39. Qd1 e2 40. Qe1 Qf6 41. h4 Re5 42. a4 Qf1 43. Qxf1 exf1Q 44. Kh3 h5 45. g4 Re2 46. g5 Qxg2# 0-1

[Event "EU Union-ch U10"]
[Site "Kouty nad Desnou"]
[Date "2021.08.18"]
[Round "5.9"]
[White "Lackova, Lucie"]
[Black "Janouskova, Eliska"]
[Result "1/2-1/2"]
[WhiteElo "1090"]
[BlackElo "1130"]
[PlyCount "52"]
[EventDate "2021.08.14"]
[EventType "swiss"]
[EventRounds "9"]
[EventCountry "CZE"]
[SourceTitle "EXT 2022"]
[Source "ChessBase"]
[SourceDate "2021.10.06"]
[SourceVersion "1"]
[SourceVersionDate "2021.10.06"]
[SourceQuality "1"]

1. e4 c5 2. Nc3 Nc6 3. Nf3 d6 4. Bb5 Qb6 5. 0-0 e6 6. d3 Be7 7. Be3 a6 8. Bxc6+ Qxc6 9. h3 Bf6 10. Bg5 Bxg5 11. Nxg5 h6 12. Qh5 Qc7 13. Nf3 Nf6 14. Qh4 0-0 15. Qf4 b5 16. Qd2 Bb7 17. Rfe1 Nd7 18. Ne2 Rad8 19. Ng3 Rfe8 20. c3 Nb6 21. Rad1 a5 22. Qf4 Qe7 23. d4 c4 24. Nd2 Rc8 25. f3 Qd7 26. Ndf1 Qe7 1/2-1/2